[Event "World Senior Teams +65"]
[Site "Radebeul GER"]
[Date "2016.06.27"]
[Round "2.15"]
[Board "3"]
[White "Zoephel, Heinz"]
[Black "Mentink, Toon"]
[Result "1/2-1/2"]
[WhiteElo "1990"]
[BlackElo "1853"]
[WhiteTeam "Dresdner Springer"]
[BlackTeam "Oranje 3"]
[WhiteFideId "24647241"]
[BlackFideId "1017322"]
[EventDate "2016.06.26"]

1. e4 e6 2. d4 d5 3. Nc3 Nf6 4. e5 Nfd7 5. Nf3 c5 6. Bf4 Nc6 7. Nb5 a6 8. Nd6+
Bxd6 9. exd6 cxd4 10. Nxd4 Nxd4 11. Qxd4 O-O 12. O-O-O b5 13. h4 Bb7 14. g4 Rc8
15. g5 Qa5 16. Kb1 e5 17. Bxe5 Nxe5 18. Qxe5 Rfe8 19. Qf5 Rcd8 20. Bd3 g6 21.
Qf4 Qb6 22. h5 Qxd6 23. Qh4 Re7 24. f4 d4 25. hxg6 fxg6 26. Rhf1 Be4 27. a3 Bxd3
28. Rxd3 b4 29. axb4 Qxb4 30. f5 gxf5 31. Rh1 Rde8 32. Rdd1 Rb7 33. b3 Re3 34.
Rh3 Qc3 35. Rxe3 Qxe3 36. Qxd4 Qxd4 1/2-1/2

[Event "World Senior Teams +65"]
[Site "Radebeul GER"]
[Date "2016.06.27"]
[Round "2.16"]
[Board "1"]
[White "Burda, Walter"]
[Black "Liebert, Heinz"]
[Result "1/2-1/2"]
[BlackTitle "IM"]
[WhiteElo "2062"]
[BlackElo "2182"]
[WhiteTeam "SV Dresden-Striesen 1990 e.V."]
[BlackTeam "Sachsen-Anhalt"]
[WhiteFideId "16203321"]
[BlackFideId "4611438"]
[EventDate "2016.06.26"]

1. e4 c5 2. Nc3 Nc6 3. g3 g6 4. Bg2 Bg7 5. d3 d6 6. Nh3 e5 7. O-O Nge7 8. f4 Nd4
9. Be3 exf4 10. Nxf4 O-O 11. Qd2 Bd7 12. Nfd5 Nxd5 13. Nxd5 Be6 14. c3 Bxd5 15.
cxd4 Be6 16. dxc5 dxc5 17. Bxc5 Bd4+ 18. Bxd4 Qxd4+ 19. Kh1 Rfd8 20. Rf3 Rac8
21. a3 Qxe4 22. Rxf7 Qxd3 23. Qxd3 Rxd3 1/2-1/2

[Event "World Senior Teams +65"]
[Site "Radebeul GER"]
[Date "2016.06.27"]
[Round "2.16"]
[Board "2"]
[White "Bondick, Karl-Heinz"]
[Black "Groschup, Gerhard"]
[Result "1/2-1/2"]
[WhiteElo "2055"]
[BlackElo "1999"]
[WhiteTeam "Sachsen-Anhalt"]
[BlackTeam "SV Dresden-Striesen 1990 e.V."]
[WhiteFideId "4692071"]
[BlackFideId "24679747"]
[EventDate "2016.06.26"]

1. d4 d5 2. e4 e6 3. Be3 dxe4 4. Nd2 Nf6 5. f3 Nd5 6. Qe2 exf3 7. Ngxf3 Nxe3 8.
Qxe3 Be7 9. Bb5+ c6 10. Bd3 Nd7 11. O-O O-O 12. Nc4 c5 13. c3 g6 14. Rad1 cxd4
15. cxd4 Nb6 16. Nce5 Nd5 17. Qh6 Bf6 18. h4 Bg7 19. Qd2 Ne7 20. h5 Nf5 21. Bxf5
exf5 22. hxg6 fxg6 23. Rfe1 Qd5 24. b3 1/2-1/2

[Event "World Senior Teams +65"]
[Site "Radebeul GER"]
[Date "2016.06.27"]
[Round "2.16"]
[Board "3"]
[White "Thalheim, Peter"]
[Black "Bocionek, Dieter"]
[Result "1/2-1/2"]
[WhiteElo "1827"]
[BlackElo "1956"]
[WhiteTeam "SV Dresden-Striesen 1990 e.V."]
[BlackTeam "Sachsen-Anhalt"]
[WhiteFideId "12958220"]
[BlackFideId "12944106"]
[EventDate "2016.06.26"]

1. c4 c6 2. Nc3 d5 3. cxd5 cxd5 4. d4 e6 5. Nf3 Nc6 6. e3 Nf6 7. Bb5 Bd6 8. O-O
O-O 9. Bd2 Na5 10. Bd3 a6 11. b3 b5 12. e4 b4 13. e5 bxc3 14. Bxc3 Nc6 15. Ng5
Ne4 16. Nxe4 dxe4 17. Bxe4 Bb7 18. exd6 Qxd6 19. Qh5 f5 1/2-1/2

[Event "World Senior Teams +65"]
[Site "Radebeul GER"]
[Date "2016.06.27"]
[Round "2.17"]
[Board "1"]
[White "Schroeter, Helmut"]
[Black "Niebuhr, Gerd"]
[Result "1/2-1/2"]
[WhiteElo "2073"]
[BlackElo "1931"]
[WhiteTeam "TuR Dresden"]
[BlackTeam "Freibauer Niedersachsen"]
[WhiteFideId "24631779"]
[BlackFideId "24616443"]
[EventDate "2016.06.26"]

1. e4 e5 2. f4 d5 3. exd5 e4 4. d3 Nf6 5. dxe4 Nxe4 6. Nf3 Bc5 7. Qe2 O-O 8.
Qxe4 Re8 9. Ne5 f6 10. Bd3 g6 11. b4 fxe5 12. fxe5 Bf5 13. Qf4 Bxd3 14. bxc5
Bxc2 15. O-O Qxd5 16. Be3 Nc6 17. Nc3 Qxe5 1/2-1/2

[Event "World Senior Teams +65"]
[Site "Radebeul GER"]
[Date "2016.06.27"]
[Round "2.17"]
[Board "2"]
[White "Juergens, Peter2"]
[Black "Eichner, Christian"]
[Result "1/2-1/2"]
[WhiteElo "1938"]
[BlackElo "2068"]
[WhiteTeam "Freibauer Niedersachsen"]
[BlackTeam "TuR Dresden"]
[WhiteFideId "4694694"]
[BlackFideId "24666580"]
[EventDate "2016.06.26"]

1. d4 f5 2. Bf4 Nf6 3. e3 g6 4. h4 Nh5 5. Bh2 d6 6. Be2 Nf6 7. Nf3 Bg7 8. Bc4 e6
9. Nbd2 Bd7 10. Qe2 O-O 11. c3 a5 12. Bd3 Nc6 13. e4 Ng4 14. O-O-O e5 15. dxe5
Ncxe5 16. Nxe5 Nxe5 17. Bxe5 Bxe5 18. g3 f4 19. Rhg1 f3 20. Qe3 Bg4 21. Nc4 Bg7
22. Qe1 Qd7 23. Qd2 b5 24. Ne3 Bh6 25. Rge1 Be6 26. Kb1 b4 27. c4 c5 28. Bf1 Ra6
29. Qc2 a4 30. e5 b3 31. axb3 axb3 32. Qxb3 Rfa8 33. Rxd6 Rxd6 34. exd6 Qxd6 35.
Rd1 Qe5 36. Qc3 Qb8 37. Qf6 Bf7 38. Rd7 Qe8 39. Qe7 Qxe7 40. Rxe7 Rd8 41. Kc2
Bg7 42. Bd3 Kf8 43. Rb7 Bd4 44. Nd1 Re8 45. Kd2 h6 1/2-1/2

[Event "World Senior Teams +65"]
[Site "Radebeul GER"]
[Date "2016.06.27"]
[Round "2.17"]
[Board "3"]
[White "Appelt, Gerd"]
[Black "Hellwege, Werner"]
[Result "1/2-1/2"]
[WhiteElo "2011"]
[BlackElo "1895"]
[WhiteTeam "TuR Dresden"]
[BlackTeam "Freibauer Niedersachsen"]
[WhiteFideId "4691342"]
[BlackFideId "4661460"]
[EventDate "2016.06.26"]

1. e4 c5 2. Nc3 Nc6 3. g3 g6 4. Bg2 Bg7 5. d3 e6 6. Be3 d6 7. Qd2 Nge7 8. Nge2
O-O 9. O-O Nd4 10. Nd1 Nxe2+ 11. Qxe2 Rb8 12. c3 Nc6 13. f4 Qe7 14. Qf2 Bd7 15.
e5 b6 16. d4 cxd4 17. cxd4 dxe5 18. dxe5 Nb4 19. Nc3 Bc6 20. Bxc6 Nxc6 21. Ne4
Rfd8 22. a3 f6 23. Rac1 Rbc8 24. Nd6 Rc7 25. Nb5 Rcc8 26. Nd6 1/2-1/2

[Event "World Senior Teams +65"]
[Site "Radebeul GER"]
[Date "2016.06.27"]
[Round "2.17"]
[Board "4"]
[White "Nagorni, Walter"]
[Black "Seibt, Manfred"]
[Result "1/2-1/2"]
[WhiteElo "1982"]
[BlackElo "1987"]
[WhiteTeam "Freibauer Niedersachsen"]
[BlackTeam "TuR Dresden"]
[WhiteFideId "4666593"]
[BlackFideId "24639869"]
[EventDate "2016.06.26"]

1. Nf3 Nf6 2. d4 d5 3. g3 e6 4. Bg2 Nbd7 5. O-O Bd6 6. Bg5 h6 7. Bxf6 Nxf6 8. c4
c6 9. Qc2 O-O 10. Rd1 Ne4 11. Nc3 f5 12. Ne5 Bd7 13. f3 Bxe5 14. fxe4 Bf6 15.
cxd5 fxe4 16. dxc6 Bxc6 17. Nxe4 Bxd4+ 18. Kh1 Qb6 19. Rab1 e5 20. b3 Kh8 21.
Rf1 1/2-1/2

[Event "World Senior Teams +65"]
[Site "Radebeul GER"]
[Date "2016.06.27"]
[Round "2.18"]
[Board "1"]
[White "Johansson, Per"]
[Black "Happel, Henk"]
[Result "1/2-1/2"]
[BlackTitle "FM"]
[WhiteElo "1935"]
[BlackElo "2101"]
[WhiteTeam "Sweden 3"]
[BlackTeam "Koninklijke DD"]
[WhiteFideId "1703552"]
[BlackFideId "1001078"]
[EventDate "2016.06.26"]

1. d4 e6 2. c4 f5 3. Nf3 Nf6 4. g3 d5 5. Bg2 c6 6. O-O Bd6 7. b3 Qe7 8. Bb2 O-O
9. Qc1 b6 10. Ba3 Ba6 11. Bxd6 Qxd6 12. Qa3 Qxa3 13. Nxa3 Nbd7 14. Rac1 Rac8 15.
Rfd1 Ne4 16. e3 g5 17. Bf1 g4 18. Ne1 Ndf6 19. Nd3 Ng5 20. Ne5 Nf3+ 21. Nxf3
gxf3 22. Nc2 dxc4 23. Bxc4 Bxc4 24. bxc4 c5 25. Ne1 cxd4 26. exd4 Rc7 27. Nxf3
Rfc8 28. Ne5 Ng4 29. Nxg4 1/2-1/2

[Event "World Senior Teams +65"]
[Site "Radebeul GER"]
[Date "2016.06.27"]
[Round "2.18"]
[Board "2"]
[White "Dickhoff, Ronald"]
[Black "Nyberg, Bo"]
[Result "1/2-1/2"]
[WhiteElo "2106"]
[BlackElo "1899"]
[WhiteTeam "Koninklijke DD"]
[BlackTeam "Sweden 3"]
[WhiteFideId "1006142"]
[BlackFideId "1710583"]
[EventDate "2016.06.26"]

1. d4 e6 2. c4 d5 3. Nf3 c6 4. Qc2 f5 5. g3 Nf6 6. Bg2 Be7 7. O-O O-O 8. Nbd2
Ne4 9. Ne5 Nd7 10. Nxd7 Bxd7 11. Nf3 Bf6 12. Bf4 Be8 13. Be5 Kh8 14. Rfd1 Bg6
15. Qb3 Qe7 16. Rac1 Bh5 17. Rc2 Bxf3 18. exf3 Bxe5 19. fxe4 dxc4 20. Qxc4 Bd6
21. f4 Bc7 22. Re2 1/2-1/2

[Event "World Senior Teams +65"]
[Site "Radebeul GER"]
[Date "2016.06.27"]
[Round "2.18"]
[Board "3"]
[White "Forslund, Lennart"]
[Black "Olof, Erik"]
[Result "0-1"]
[WhiteElo "1856"]
[BlackElo "1975"]
[WhiteTeam "Sweden 3"]
[BlackTeam "Koninklijke DD"]
[WhiteFideId "1720473"]
[BlackFideId "1035762"]
[EventDate "2016.06.26"]

1. Nf3 d5 2. b3 Nf6 3. Bb2 Bg4 4. e3 Nbd7 5. d4 e6 6. Be2 Bd6 7. Nbd2 Qe7 8. Ne5
Bxe2 9. Qxe2 O-O 10. O-O c6 11. c4 Rfc8 12. Nxd7 Nxd7 13. f4 f5 14. c5 Bc7 15.
b4 Nf6 16. a4 Qd7 17. Nf3 a6 18. Bc3 Ne4 19. Qd3 h6 20. Nd2 Nf6 21. Rfb1 g5 22.
g3 Qg7 23. Kh1 Kh8 24. Qe2 Rg8 25. b5 axb5 26. axb5 Rxa1 27. Bxa1 cxb5 28. Nf3
gxf4 29. exf4 Ne4 30. Rg1 Qg4 31. Rg2 Ra8 32. Qf1 Rxa1 33. Qxa1 Qxf3 34. Kg1 Ba5
35. Qb1 Bc3 0-1

[Event "World Senior Teams +65"]
[Site "Radebeul GER"]
[Date "2016.06.27"]
[Round "2.18"]
[Board "4"]
[White "Munninghoff, Alexander"]
[Black "Norevall, Ulf"]
[Result "1/2-1/2"]
[WhiteElo "1932"]
[BlackElo "1749"]
[WhiteTeam "Koninklijke DD"]
[BlackTeam "Sweden 3"]
[WhiteFideId "1012460"]
[BlackFideId "1705555"]
[EventDate "2016.06.26"]

1. c4 f5 2. g3 Nf6 3. Bg2 c6 4. Nc3 g6 5. Nf3 Bg7 6. O-O d6 7. d4 O-O 8. d5 e5
9. dxe6 Bxe6 10. b3 Ne4 11. Nxe4 fxe4 12. Nd4 Qe7 13. Nxe6 Qxe6 14. Rb1 Na6 15.
Ba3 Rfd8 16. e3 d5 17. Qc2 Bf8 18. Bb2 Bg7 19. Bxg7 Kxg7 20. Rfd1 Qe5 21. b4 Nc7
22. a4 Ne8 23. c5 Nf6 24. b5 Rab8 25. Rd4 h5 26. Rdb4 g5 27. Qb2 Qxb2 28. R4xb2
Nd7 29. Rc2 Kf6 30. f3 exf3 31. Bxf3 g4 32. Be2 Ke5 33. Bd3 d4 34. exd4+ Kxd4
35. Bf5 Ke5 36. Bxd7 Rxd7 37. bxc6 Rc7 38. cxb7 Rbxb7 39. Rxb7 Rxb7 40. c6 Rc7
41. Rc5+ Kd4 42. Rxh5 Rxc6 43. Rh4 Rc1+ 44. Kf2 Rc2+ 45. Ke1 Ke3 46. Kd1 Rd2+
47. Kc1 Rd4 48. a5 Kf3 49. Kc2 Ra4 50. h3 Rxa5 51. Rxg4 Rh5 52. Rg7 Rxh3 53. g4
Rg3 1/2-1/2

[Event "World Senior Teams +65"]
[Site "Radebeul GER"]
[Date "2016.06.27"]
[Round "2.19"]
[Board "1"]
[White "Kristiansen, Erling"]
[Black "Pamperin, Gerhard"]
[Result "1/2-1/2"]
[WhiteTitle "FM"]
[WhiteElo "2147"]
[BlackElo "1936"]
[WhiteTeam "Norway Veteran"]
[BlackTeam "Rochade MV"]
[WhiteFideId "1500244"]
[BlackFideId "24651354"]
[EventDate "2016.06.26"]

1. d4 d5 2. c4 c6 3. Nf3 Nf6 4. Nbd2 Bf5 5. b3 e6 6. e3 Nbd7 7. Be2 Be7 8. Nh4
Bg6 9. Nxg6 hxg6 10. Bb2 Qa5 11. a3 dxc4 12. Bxc4 c5 13. dxc5 Qxc5 14. Rc1 Qd6
15. h3 O-O 16. O-O Rac8 17. Nf3 Qxd1 18. Rfxd1 Rfd8 19. b4 Nb6 20. Bb3 Rxd1+ 21.
Rxd1 Nbd5 22. Kf1 Kf8 23. Ne5 b5 24. Bd4 a6 25. f3 Bd6 26. Rd3 Ke7 27. e4 Nf4
28. Rd1 Ne8 29. Ng4 f6 30. e5 fxe5 31. Nxe5 g5 32. Re1 Bxe5 33. Rxe5 1/2-1/2

[Event "World Senior Teams +65"]
[Site "Radebeul GER"]
[Date "2016.06.27"]
[Round "2.19"]
[Board "3"]
[White "Henrichsen, Erland"]
[Black "Krieg, Peter"]
[Result "1/2-1/2"]
[WhiteElo "1943"]
[BlackElo "1908"]
[WhiteTeam "Norway Veteran"]
[BlackTeam "Rochade MV"]
[WhiteFideId "1512722"]
[BlackFideId "24689394"]
[EventDate "2016.06.26"]

1. d4 f5 2. Bg5 Nf6 3. Bxf6 exf6 4. e3 d5 5. g3 Bd6 6. Bg2 c6 7. Nd2 Be6 8. Nh3
Qe7 9. Nf4 Bf7 10. h4 Na6 11. c3 Nc7 12. Qc2 g5 1/2-1/2

[Event "World Senior Teams +65"]
[Site "Radebeul GER"]
[Date "2016.06.27"]
[Round "2.19"]
[Board "4"]
[White "Schroeter, Reinhard"]
[Black "Jenkins, Tom Ivar"]
[Result "0-1"]
[WhiteElo "1801"]
[BlackElo "1873"]
[WhiteTeam "Rochade MV"]
[BlackTeam "Norway Veteran"]
[WhiteFideId "12993530"]
[BlackFideId "1509756"]
[EventDate "2016.06.26"]

1. d4 Nf6 2. Nf3 d5 3. c4 e6 4. Nc3 c6 5. cxd5 exd5 6. Bf4 Bd6 7. Bxd6 Qxd6 8.
e3 O-O 9. Bd3 Bg4 10. h3 Bh5 11. O-O Nbd7 12. Re1 Rae8 13. Be2 Ne4 14. Nh4 Bxe2
15. Rxe2 f5 16. Nf3 Qh6 17. Nxe4 fxe4 18. Nh2 Rf5 19. Rc2 Rg5 20. f4 exf3 21.
Qxf3 Rf8 22. h4 Qxh4 23. Qxf8+ Nxf8 24. Nf3 Qe4 0-1

[Event "World Senior Teams +65"]
[Site "Radebeul GER"]
[Date "2016.06.27"]
[Round "2.20"]
[Board "1"]
[White "Fenwick, Hugh F"]
[Black "Hutchinson, Norman A"]
[Result "0-1"]
[WhiteElo "1912"]
[BlackElo "2061"]
[WhiteTeam "England 3"]
[BlackTeam "England 2"]
[WhiteFideId "408387"]
[BlackFideId "411540"]
[EventDate "2016.06.26"]

1. c4 Nf6 2. g3 d5 3. Bg2 c6 4. b3 Nbd7 5. Ba3 dxc4 6. bxc4 Ne5 7. Qc1 Qd4 8.
Bb2 Qxc4 9. Na3 Qe6 10. Nh3 Nd3+ 0-1

[Event "World Senior Teams +65"]
[Site "Radebeul GER"]
[Date "2016.06.27"]
[Round "2.20"]
[Board "3"]
[White "Phillips, William"]
[Black "Thynne, Trefor F"]
[Result "1/2-1/2"]
[WhiteElo "1852"]
[BlackElo "1988"]
[WhiteTeam "England 3"]
[BlackTeam "England 2"]
[WhiteFideId "414344"]
[BlackFideId "419893"]
[EventDate "2016.06.26"]

1. d4 d5 2. Nf3 Nf6 3. c4 c6 4. e3 Bg4 5. Bd3 e6 6. O-O Bd6 7. Nbd2 Nbd7 8. Qc2
O-O 9. b3 Re8 10. Bb2 Qb8 11. h3 Bxf3 12. Nxf3 e5 13. dxe5 Nxe5 14. Nxe5 Bxe5
15. Bxe5 Qxe5 16. cxd5 cxd5 1/2-1/2

[Event "World Senior Teams +65"]
[Site "Radebeul GER"]
[Date "2016.06.27"]
[Round "2.20"]
[Board "4"]
[White "Cooper, John G"]
[Black "Emerton, Keith"]
[Result "1-0"]
[WhiteElo "1941"]
[BlackElo "1789"]
[WhiteTeam "England 2"]
[BlackTeam "England 3"]
[WhiteFideId "416096"]
[BlackFideId "447072"]
[EventDate "2016.06.26"]

1. e4 d6 2. d4 Nf6 3. Nc3 g6 4. f4 Bg7 5. Nf3 O-O 6. Bd3 a5 7. O-O Na6 8. h3 c6
9. e5 Ne8 10. Be3 c5 11. dxc5 Nxc5 12. Bxc5 dxc5 13. Be4 Nc7 14. Qe2 e6 15. Rad1
Qe7 16. Qc4 Rb8 17. a4 b6 18. Bc6 Ba6 19. Nb5 Rfd8 20. Qe4 Bxb5 21. axb5 Rxd1
22. Rxd1 Rd8 23. Rd3 Bf8 24. c4 Bh6 25. g3 Bf8 26. Qe3 Bg7 27. Qd2 Rxd3 28. Qxd3
Bf8 29. b3 h6 30. Nd2 f5 31. exf6 Qxf6 32. Be4 Kg7 33. Kg2 Ne8 34. Qd7+ Qe7 35.
Qd3 Qf6 36. Qd7+ Qe7 37. Qc6 Qd6 38. Nf3 Nf6 39. h4 Nxe4 40. Qxe4 Be7 41. Ne5 1-0

[Event "World Senior Teams +65"]
[Site "Radebeul GER"]
[Date "2016.06.27"]
[Round "2.21"]
[Board "2"]
[White "Schnaitmann, Herbert"]
[Black "Ophoff, Rigobert"]
[Result "1/2-1/2"]
[WhiteElo "1975"]
[BlackElo "1981"]
[WhiteTeam "Randbauern"]
[BlackTeam "Surprise"]
[WhiteFideId "12916277"]
[BlackFideId "4679750"]
[EventDate "2016.06.26"]

1. Nc3 c5 2. Nf3 Nc6 3. d4 cxd4 4. Nxd4 g6 5. Nxc6 bxc6 6. Qd4 Nf6 7. Bg5 Bg7 8.
Ne4 O-O 9. Nxf6+ exf6 10. Bd2 f5 11. Qb4 Qb6 12. Qxb6 axb6 13. c3 d5 14. e3 Ba6
15. Kd1 1/2-1/2

[Event "World Senior Teams +65"]
[Site "Radebeul GER"]
[Date "2016.06.27"]
[Round "2.21"]
[Board "3"]
[White "Wittkugel, Friedhelm"]
[Black "Briesemeister, Klaus"]
[Result "1-0"]
[WhiteElo "1993"]
[BlackElo "1756"]
[WhiteTeam "Surprise"]
[BlackTeam "Randbauern"]
[WhiteFideId "24606162"]
[BlackFideId "24631035"]
[EventDate "2016.06.26"]

1. d4 f5 2. e4 fxe4 3. Nc3 Nf6 4. Bg5 g6 5. Bc4 c6 6. Bxf6 exf6 7. d5 Bb4 8. Ne2
Qe7 9. O-O d6 10. a3 Bxc3 11. Nxc3 Kf8 12. Qd4 Qe5 13. Qxe4 Bf5 14. Qf3 Kg7 15.
Rfe1 Qd4 16. Bb3 Nd7 17. Rad1 Qg4 18. Qxg4 Bxg4 19. f3 Bf5 20. g4 Ne5 21. Kg2
Bc8 22. dxc6 bxc6 23. Rxd6 Ba6 24. Ne4 Rhf8 25. Nc5 Bc8 26. h3 g5 27. Red1 a5
28. a4 Rb8 29. Kg3 Rb4 30. Nd3 Nc4 31. Rxc6 Ne3 32. Re1 f5 33. Nxb4 f4+ 34. Kf2
axb4 35. Rxe3 fxe3+ 36. Kxe3 Re8+ 37. Kf2 Kh8 38. Rb6 Bd7 39. Rd6 Re7 40. Rd4 1-0

[Event "World Senior Teams +65"]
[Site "Radebeul GER"]
[Date "2016.06.27"]
[Round "2.21"]
[Board "4"]
[White "Geibel, Henning"]
[Black "Perk, Egbert"]
[Result "0-1"]
[WhiteElo "1444"]
[BlackElo "1949"]
[WhiteTeam "Randbauern"]
[BlackTeam "Surprise"]
[WhiteFideId "4618238"]
[BlackFideId "4645944"]
[EventDate "2016.06.26"]

1. e4 g6 2. Nf3 Bg7 3. d4 d6 4. Bc4 Nf6 5. Nc3 c6 6. O-O b5 7. Bd3 a6 8. Bf4 O-O
9. Qd2 Re8 10. Bh6 Bh8 11. e5 dxe5 12. dxe5 Nd5 13. Nxd5 cxd5 14. Qf4 f6 15.
Rad1 Nc6 16. exf6 Bxf6 17. c3 e5 18. Qg3 Qe7 19. Bc2 Be6 20. Bg5 Rad8 21. Rfe1
e4 22. Bxf6 Qxf6 23. Nd4 Nxd4 24. cxd4 Rc8 25. Bb3 a5 26. a4 b4 27. Qd6 Qd8 28.
Qg3 Bf7 29. h4 Qf6 30. Rd2 Rc6 31. Qg5 Qxg5 32. hxg5 Rec8 33. Kh2 Kf8 34. Kg3
Kg7 35. f4 Be6 36. Kf2 Kf7 37. Ke3 Rc3+ 38. bxc3 Rxc3+ 39. Ke2 Rxb3 40. Rh1 Bg4+
41. Kf2 e3+ 42. Kg3 Bh5 43. Rc2 Rd3 44. Rc7+ Ke6 45. Rxh7 e2+ 46. Kf2 Rd1 47.
Re1 Rxd4 48. Rxh5 Rxf4+ 49. Kg3 Kf5 50. Rxe2 gxh5 51. g6 Rg4+ 52. Kf3 Rxg6 53.
Rc2 Ke5 54. Rc5 Ra6 55. Ke3 Rg6 56. Kf3 Kd4 57. Rxa5 Rb6 58. Kf4 b3 59. Rb5 Rxb5
60. axb5 b2 0-1

[Event "World Senior Teams +65"]
[Site "Radebeul GER"]
[Date "2016.06.27"]
[Round "2.22"]
[Board "4"]
[White "Tveten, Per"]
[Black "Warnke, Eberhard"]
[Result "0-1"]
[WhiteElo "1537"]
[BlackElo "1868"]
[WhiteTeam "Norway 3"]
[BlackTeam "Stiftung BSW / DBAG III"]
[WhiteFideId "1516701"]
[BlackFideId "24677507"]
[EventDate "2016.06.26"]

1. e4 c5 2. Nf3 Nc6 3. c4 d6 4. h3 e6 5. d3 h6 6. Nc3 Nf6 7. g3 Be7 8. Bg2 Bd7
9. O-O a6 10. a4 Qc7 11. b3 Nb4 12. Qe2 Nc6 13. Bb2 O-O 14. Rfe1 Na5 15. Qd1
Rab8 16. e5 dxe5 17. Nxe5 Rbd8 18. Qc2 Nc6 19. Nxd7 Rxd7 20. Rad1 Nd4 21. Qb1
Nxb3 22. Ne4 Nd4 23. Bc3 b6 24. Qb2 Nxe4 25. dxe4 e5 26. Rb1 Rd6 27. Red1 Rfd8
28. Qc1 Ne2+ 29. Kf1 Nxc1 30. Rdxc1 f6 31. f4 Rd3 32. f5 Rxg3 33. Kf2 Rgd3 34.
Bf1 R3d6 35. Ke3 a5 36. Be2 Qc6 37. Rg1 Qc7 38. Rg2 Rd4 39. Rg4 Bf8 40. Rbg1 Qf7
41. Rg6 Kh7 42. R1g4 Rxc4 43. Be1 Rxa4 44. Rh4 Ra3+ 45. Kf2 Qb3 46. Bh5 Qe3+ 47.
Kf1 0-1

[Event "World Senior Teams +65"]
[Site "Radebeul GER"]
[Date "2016.06.27"]
[Round "2.23"]
[Board "2"]
[White "Van De Wynkele, Herman"]
[Black "Chaabani, Abdelkader"]
[Result "1-0"]
[WhiteElo "1985"]
[BlackElo "1728"]
[WhiteTeam "Belgium 2"]
[BlackTeam "Tunisia"]
[WhiteFideId "207144"]
[BlackFideId "5501989"]
[EventDate "2016.06.26"]

1. e4 e6 2. d4 d5 3. Nc3 Bb4 4. e5 Ne7 5. Bd2 O-O 6. Bd3 c5 7. dxc5 Bxc5 8. Qg4
f5 9. Qg3 Qe8 10. f4 Nbc6 11. Nce2 Bd7 12. O-O-O Nb4 13. Kb1 Ba4 14. Rc1 Rc8 15.
Nf3 Bb5 16. Nfd4 Bd7 17. Nb3 Nxd3 18. cxd3 Bb6 19. Bb4 Rf7 20. Ba5 Qd8 21. Qe3
Rc6 22. Ned4 Rc8 23. Bxb6 Qxb6 24. Rxc8+ Bxc8 25. Qd2 Nc6 26. Nxc6 bxc6 27. d4
Rb7 28. Nc5 Qb4 29. Rd1 Qxd2 30. Rxd2 Rb6 31. Kc2 Kf7 32. Rd3 Ke7 33. Ra3 a6 34.
Kc3 Kd8 35. Rb3 Kc7 36. Rxb6 Kxb6 37. Kb4 h6 38. Na4+ Kc7 39. g4 g5 40. Ka5 Kb7
41. Nc5+ 1-0

[Event "World Senior Teams +65"]
[Site "Radebeul GER"]
[Date "2016.06.27"]
[Round "2.23"]
[Board "3"]
[White "Aroua, Ahmed"]
[Black "Schrickx, Frank"]
[Result "1-0"]
[WhiteElo "1516"]
[BlackElo "1920"]
[WhiteTeam "Tunisia"]
[BlackTeam "Belgium 2"]
[WhiteFideId "5502497"]
[BlackFideId "208957"]
[EventDate "2016.06.26"]

1. e4 Nf6 2. e5 Nd5 3. c4 Nb6 4. Nc3 d6 5. f4 dxe5 6. fxe5 Nc6 7. c5 Nd5 8. d4
g6 9. Bc4 Nxc3 10. bxc3 Bg7 11. Nf3 O-O 12. O-O Bg4 13. Qe1 Bxf3 14. Rxf3 e6 15.
Qf2 Ne7 16. Bg5 Qd7 17. Bf6 Nd5 18. Qh4 h5 19. Raf1 Rae8 20. Bxg7 Kxg7 21. Bd3
Qd8 22. Qf2 Qe7 23. c4 Nb4 24. Bb1 b6 25. Rf6 Nc6 26. Bxg6 fxg6 27. Qg3 Nxe5 28.
dxe5 Qxc5+ 29. Kh1 Rxf6 30. Rxf6 Rd8 31. Qxg6+ Kh8 32. Qxh5+ Kg8 33. Qf7+ 1-0

[Event "World Senior Teams +65"]
[Site "Radebeul GER"]
[Date "2016.06.27"]
[Round "2.24"]
[Board "3"]
[White "Daly, Patrick"]
[Black "Gafke, Manfred"]
[Result "0-1"]
[WhiteElo "1912"]
[BlackElo "1816"]
[WhiteTeam "Ireland"]
[BlackTeam "Dresdner Seniorenklub"]
[WhiteFideId "2503131"]
[BlackFideId "24602493"]
[EventDate "2016.06.26"]

1. d4 d5 2. Nf3 Nf6 3. c3 c6 4. Bg5 Nbd7 5. e3 h6 6. Bh4 e6 7. Bd3 Be7 8. Nbd2
O-O 9. O-O Qc7 10. e4 dxe4 11. Nxe4 Re8 12. Bg3 Qb6 13. Rb1 Nxe4 14. Bxe4 Nf6
15. Bc2 Rd8 16. Qe2 Bd6 17. Be5 Be7 18. Nd2 c5 19. Ne4 Nxe4 20. Qxe4 f5 21. Qf4
Rf8 22. Rfe1 Bg5 23. Qg3 Bd7 24. Bb3 Rac8 25. dxc5 Qc6 26. Bd6 Rfe8 27. Re5 Bf6
28. Rxf5 Kh8 29. Rxf6 gxf6 30. Qg6 Rf8 31. Qxh6+ Kg8 32. Bxf8 Rxf8 33. Bc2 Rf7
34. b4 Rg7 35. g3 Qf3 36. Qe3 Qg4 37. Be4 Bc8 38. Qf3 Qg5 39. Bxb7 Bxb7 40. Qxb7
Rxb7 0-1